Регионална библиотека "Любен Каравелов" - Русе

Русалина (Запис номер 168125)

MARC детайли
000 -Лидер
Контролно поле с фиксирана дължина nam a22 a 4500
003 - Код на организацията, давaща контролен номер
Контролно поле BLK
005 - Дата и час на последна редакция
Контролно поле 20230505093630.0
008 - Елементи от данни с фиксирана дължина
fixed length control field 180411b bul|||||r ||||||| ||bul||
010 ## - Наследен системен номер
LC control number KNG00175995000
040 ## - Източник на каталожния запис
Идентификатор на билиотеката - собственик на записа BLK
041 ## - Код за език
Код за езика на текст/звукозапис или на отделно заглавие Български
Код за езика КДБФ Български
072 #7 - Код за тематичната категория
Код организация bullib
Код за тематична категория Я
Текст Автографи
072 #7 - Код за тематичната категория
Код организация bullib
Код за тематична категория К
Текст Краезнание
080 ## - УДК
Текстов определител УДК Българска литература
УДК код - определител по УДК 821.163.2
УДК определител -2
УДК - код + определител 821.163.2-2
100 1# - Редна дума - Автор
Автор Дашков, Тодор Христов
Дати, свързани с автора 1890-1965
R(LIN) 382461
139 ## - Редно поле
Редна дума Дашков, Тодор Христов
Авторски знак Дач - Д 25
245 10 - Сведения за заглавието
Заглавие Русалина
Подзаглавни данни Драма в 3 д.
Редно поле (дума) Тодор Дашков.
257 ## - Страна на издаване
Страна на създаване/издаване България
260 ## - Област на издателските данни
Място на издаване, разпространение и проч. София
Име на издателя, разпространителя и проч. Библ. Простори
Година на издаване 1934
Печатница София : А. Георгиев
9 (RLIN) 219806
300 ## - Физическа характеристика
Страници 78 с.
Размери/Мащаб 18 см
380 ## - Жанр
Жанр Худож. лит.
490 ## - СЕРИИ (Колекции)
Име на серия Библиотека Простори
№: серия № 5
9 (RLIN) 208026
852 ## - Местоположение
Форматна сигнатура Цб 8.175.4560
Фондова буква Основен фонд - ползва се само за читалня
852 ## - Местоположение
Форматна сигнатура К 821.163.2-32/Д 25 Т
Фондова буква Краезнание
856 4# - Електронен адрес и достъп
Електронен формат pdf - файл
Инструкция (цена за достъп) 0.00
Права за достъп Достъп само през служебен интерфейс
Име на файл Русалина
Път до файла /url/ http://185.138.176.146:18082/cgi-bin/koha/opac-retrieve-file.pl?id=2ad312bb99ba48e0a5412c25a70f10b1
Допълнителна информация (Корица, съдържание, пълен текст, звуков файл, HTML файл) Електронна книга
Информация за съдържанието Русалина
856 4# - Електронен адрес и достъп
Електронен формат pdf - файл
Инструкция (цена за достъп) 0.00
Права за достъп disable
999 ## - СИСТЕМНИ КОНТРОЛНИ НОМЕРА
Koha biblionumber 168125
Koha biblioitemnumber 168125
942 ## - АРТИКУЛИ
Вид на библиотечния материал Книги
Скрит в OPAC Не
Периодичен библиозапис Да
944 ## - СЪЗДАВАНЕ И РЕДАКЦИЯ на ЗАПИСА
Създаване/Редакция Създаване
Дата на регистрацията/редакция 29.05.2015
Служител, извършил регистрацията/редакцията Валентина_Караджова
944 ## - СЪЗДАВАНЕ И РЕДАКЦИЯ на ЗАПИСА
Създаване/Редакция Редакция
Дата на регистрацията/редакция 2023-04-12
Служител, извършил регистрацията/редакцията Кети
999 ## - СИСТЕМНИ КОНТРОЛНИ НОМЕРА
Koha biblioitemnumber 168125
999 ## - СИСТЕМНИ КОНТРОЛНИ НОМЕРА
Koha biblioitemnumber 168125
Наличности
Код за отписване Код за изгубен артикул Източник на класификационната схема Код за повреда Коз за рестрикции Код за отдаване Артикулен № Име на библиотеката - собственик Име на библиотеката, в която се намира в момента Статус (Текущо местоположение) Дата на вписване в системата Местоположение - отдел Цена в лева Номерация (Хронология) Инвентарен номер Систематично азбучна сигнатура Баркод Номер на екземпляра Цена в евро Служебна бележка Служебен тип на артикула
  Не е изгубен Universal Decimal Classification Не е повреден без рестрикции ползва се в читалня 283639 Регионална библиотека "Любен Каравелов" Русе Регионална библиотека "Любен Каравелов" Русе Краезнание 1934-01-01 Краезнание 0.14 Автограф: Тодор Дашко 8132/65 К 821.163.2/Д 25 Т 900000003365 1 0.07 N: Сф Дата: 01.01.1934 Дата инв: 07.11.2017 Бележки инв: К2017 Книги
  Не е изгубен Universal Decimal Classification Не е повреден само за читалня ползва се в читалня 283640 Регионална библиотека "Любен Каравелов" Русе Регионална библиотека "Любен Каравелов" Русе Хранилище 1934-01-01 Основен фонд - ползва се само за читалня 0.06   4560 Цб 8.175.4560 900000067538 2 0.03 N: Сф Дата: 01.01.1934 Книги
Vip Innovations Ltd, Rousse, Bulgaria 2025